[Event "Greifswald Springer op"]
[Site "Greifswald"]
[Date "2022.10.10"]
[Round "5"]
[White "Nittel, Christian"]
[Black "Grosch, Andreas"]
[Result "1-0"]
[WhiteElo "1810"]
[BlackElo "1561"]
[PlyCount "25"]
[EventDate "2022.10.08"]
[EventType "swiss"]
[EventRounds "7"]
[EventCountry "GER"]
[SourceTitle "CBM 210 Extra"]
[Source "ChessBase"]
[SourceDate "2022.11.30"]
[SourceVersion "1"]
[SourceVersionDate "2022.11.30"]
[SourceQuality "1"]

1. d4 d5 2. Nf3 Nf6 3. e3 e6 4. Bd3 c5 5. c3 Nc6 6. 0-0 Be7 7. dxc5 Bxc5 8. Nbd2 0-0 9. e4 dxe4 10. Nxe4 Nxe4 11. Bxe4 Qc7 12. Qe2 b6 13. b4 1-0

[Event "Greifswald Springer op"]
[Site "Greifswald"]
[Date "2022.10.09"]
[Round "4"]
[White "Grosch, Andreas"]
[Black "Stepanjan, Marianne"]
[Result "1/2-1/2"]
[WhiteElo "1561"]
[BlackElo "1525"]
[PlyCount "94"]
[EventDate "2022.10.08"]
[EventType "swiss"]
[EventRounds "7"]
[EventCountry "GER"]
[SourceTitle "CBM 210 Extra"]
[Source "ChessBase"]
[SourceDate "2022.11.30"]
[SourceVersion "1"]
[SourceVersionDate "2022.11.30"]
[SourceQuality "1"]

1. d4 d5 2. Nf3 Nf6 3. Bf4 Bf5 4. e3 e6 5. Bd3 Bxd3 6. cxd3 c5 7. dxc5 Bxc5 8. Qb3 Bb6 9. 0-0 0-0 10. d4 Nc6 11. Nc3 Na5 12. Qd1 Nc4 13. Qe2 Bc7 14. Bxc7 Qxc7 15. Rfc1 Qe7 16. b3 Nd6 17. Rc2 Rac8 18. Rac1 Rc7 19. Nb5 Nxb5 20. Qxb5 Rfc8 21. Qd3 Ne4 22. h3 Qa3 23. Rxc7 Qxc1+ 24. Rxc1 Rxc1+ 25. Qf1 Rxf1+ 26. Kxf1 f6 27. Ke1 Kf7 28. Nd2 Nc3 29. a3 e5 30. dxe5 fxe5 31. Nf3 Kf6 32. a4 a5 33. Kd2 Ne4+ 34. Ke2 Nc5 35. Nd2 h5 36. g3 g5 37. g4 hxg4 38. hxg4 e4 39. f3 Ke6 40. Kf2 Kf6 41. Ke2 exf3+ 42. Kxf3 Ke5 43. Ke2 Ne4 44. Nf3+ Kf6 45. Nd4 Ke5 46. Nf3+ Kf6 47. Nd4 Ke5 1/2-1/2